Digitális képfeldolgozáson alapuló micro bit szortírozó robot /

Elmentve itt :
Bibliográfiai részletek
Szerző: Kovács Eszter
További közreműködők: Mingesz Róbert Zoltán (Témavezető)
Dokumentumtípus: Szakdolgozat
Megjelent: 2022
Tárgyszavak:
Online Access:http://diploma.bibl.u-szeged.hu/136436
LEADER 00713nta a2200181 i 4500
001 dipl136436
005 20231030085816.0
008 230824s2022 hu om 0|| hun d
040 |a SZTE Diploma Repozitórium  |b hun 
041 |a hun 
100 1 |a Kovács Eszter 
245 1 0 |a Digitális képfeldolgozáson alapuló micro  |h [elektronikus dokumentum] :  |b bit szortírozó robot /  |c Eszter Kovács 
246 1 0 |a Micro:bit sorting robot based on digital image processing  |h [elektronikus dokumentum] 
260 |c 2022 
650 4 |a Természettudományok 
650 4 |a Natural sciences 
700 1 |a Mingesz Róbert Zoltán  |e ths 
856 4 0 |u https://diploma.bibl.u-szeged.hu/id/eprint/136436/1/2022_kovacs_eszter.pdf  |z Dokumentum-elérés